000 01356nab a22002657a 4500
999 _c5572
_d5572
003 OSt
005 20251218114741.0
008 190429b xxu||||| |||| 00| 0 spa d
040 _cPJ
100 _96550
_aPeláez Moll, Germán
245 1 0 _aEl cambio de paradigma en la introducción del concepto de violencia de género digital /
_cGermán Peláez Moll.
260 _cCiudad Autónoma de Buenos Aires :
_aThomson Reuters La Ley,
_b2025.
300 _ap. 59-66
500 _aCita: TR LALEY AR/DOC/726/2025.
505 _aSumario: I. Introducción.— II. Cambios tecnológicos, sociales y criminales. — III. Prevención de daños digitales y libertad de expresión.— IV. Las conductas más frecuentes de violencia de género digital.— V. El cambio de paradigma de las Leyes Olimpia y el proyecto de Ley Belén.— VI. Conclusión.
505 _tSi te interesa el texto completo, solicitalo a koha@justierradelfuego.gov.ar
650 0 _9343
_aDERECHO PENAL
650 0 _93053
_aVIOLENCIA DE GÉNERO
650 0 _96081
_aCIENCIA Y TECNOLOGÍA
650 0 _95731
_aACOSO SEXUAL
650 0 _91260
_aLIBERTAD DE EXPRESION
650 0 _96528
_aVIOLENCIA DIGITAL
773 0 _02658
_93164
_tRevista de derecho penal y criminología. Nº 4 - Mayo 2025
_dCiudad Autónoma de Buenos Aires : Thomson Reuters La Ley, 2017-
_x00347914
942 _2udc
_cANA